All Bee Swarm Simulator Ability Tokens and Passive Abilities - Statistics

General Stats
  • This quiz has been taken 81 times
    8 since last reset
  • The average score is 13 of 74
Answer Stats
Hint Ability/Passive % Correct
Bee Ability Tokens Boost
75%
Bee Ability Tokens Haste
75%
Bee Ability Tokens Melody
75%
Bee Ability Tokens Rage
75%
Bee Ability Tokens Token Link
75%
Bee Ability Tokens Baby Love
50%
Event Bee-Exclusive Ability Tokens Bear Morph
50%
Bee Ability Tokens Bomb
50%
Bee Ability Tokens Focus
50%
Star Amulet Passives Guiding Star
50%
Star Amulet Passives Gummy Star
50%
Mythic Bee-Exclusive Ability Tokens Inferno
50%
Bee Ability Tokens Mark
50%
Star Amulet Passives Pop Star
50%
Star Amulet Passives Scorching Star
50%
Star Amulet Passives Star Saw
50%
Star Amulet Passives Star Shower
50%
Accessory Passives Coconut Combo
25%
Accessory Passives Diamond Drain
25%
Event Bee-Exclusive Ability Tokens Festive Gift
25%
Event Bee-Exclusive Ability Tokens Fetch
25%
Mythic Bee-Exclusive Ability Tokens Flame Fuel
25%
Bee Ability Tokens Honey Gift
25%
Event Bee-Exclusive Ability Tokens Mind Hack
25%
Beequip-Exclusive Ability Tokens Snowglobe Shake
25%
Event Bee-Exclusive Ability Tokens Tabby Love
25%
Event Bee-Exclusive Ability Tokens Tornado
25%
Mythic Bee-Exclusive Ability Tokens Triangulate
25%
Accessory Passives X-Flame
25%
Bee Passives Balloon Enthusiast
0%
Event Bee-Exclusive Ability Tokens Beamstorm
0%
Event Bee-Exclusive Ability Tokens Beesmas Cheer
0%
Event Bee-Exclusive Ability Tokens Bomb Sync
0%
Accessory Passives Bubble Bombs
0%
Accessory Passives Coconut Haste
0%
Accessory Passives Coin Scatter
0%
Bee Passives Drive Expansion
0%
Accessory Passives Emergency Coconut Shield
0%
Event Bee-Exclusive Ability Tokens Festive Blessing
0%
Beequip-Exclusive Ability Tokens Festive Mark
0%
Accessory Passives Focus Pulser
0%
Mythic Bee-Exclusive Ability Tokens Fuzz Bombs
0%
Bee Passives Fuzzy Coat
0%
Bee Passives Gathering Bubbles
0%
Bee Passives Gathering Flames
0%
Event Bee-Exclusive Ability Tokens Glitch
0%
Event Bee-Exclusive Ability Tokens Glob
0%
Accessory Passives Goo Trail
0%
Event Bee-Exclusive Ability Tokens Gumdrop Barrage
0%
Accessory Passives Gummy Morph
0%
Accessory Passives Haste Pulser
0%
Accessory Passives Ignite
0%
Event Bee-Exclusive Ability Tokens Impale
0%
Mythic Bee-Exclusive Ability Tokens Inflate Balloons
0%
Bee Ability Tokens Inspire
0%
Accessory Passives Inspire Coconuts
0%
Event Bee-Exclusive Ability Tokens Map Corruption
0%
Mythic Bee-Exclusive Ability Tokens Mark Surge
0%
Bee Passives Nectar Lover
0%
Accessory Passives Petal Storm
0%
Mythic Bee-Exclusive Ability Tokens Pollen Haze
0%
Event Bee-Exclusive Ability Tokens Pulse
0%
Event Bee-Exclusive Ability Tokens Puppy Love
0%
Event Bee-Exclusive Ability Tokens Rain Cloud
0%
Beequip-Exclusive Ability Tokens Reindeer Fetch
0%
Event Bee-Exclusive Ability Tokens Scratch
0%
Bee Passives Shimmering Honey
0%
Event Bee-Exclusive Ability Tokens ☺ / Smile
0%
Bee Passives Sniper
0%
Bee Passives Steam Engine
0%
Mythic Bee-Exclusive Ability Tokens Summon Frog
0%
Mythic Bee-Exclusive Ability Tokens Surprise Party
0%
Mythic Bee-Exclusive Ability Tokens Target Practice
0%
Other Passives Unlimited Gumdrops
0%
No matching quizzes found
Score Distribution
Percent of People with Each Score
Percentile by Number Answered
Your Score History
You have not taken this quiz since the last reset